Opravy a údržba vstřikovacích strojů na zpracování plastů

Bibliographic Details
Format: Book
Language:Undetermined
PhysicalDescription:53 s.
Published: Praha Dům techniky ČSVTS 1987

MARC

LEADER 00000nam a2200000 a 4500
001 vtls001339758
003 SK-MaSNL
005 20260224050802.0
008 210928s1987 xx 0 und
035 |a SNK000292834 
040 |a SNK  |b slo  |c SNK  |e AACR2 
245 1 |a Opravy a údržba vstřikovacích strojů na zpracování plastů 
260 |a Praha  |b Dům techniky ČSVTS  |c 1987 
300 |a 53 s. 
958 |a OND 
999 |c 859614  |d 861544 
952 |a SNK  |b SNK  |y PREZ  |7 0  |p 17A0852896  |o snkSB 44124   |0 0  |1 0  |4 0  |d 2012-07-10  |l 0  |r 2025-05-09 00:00:00  |w 2026-02-24 
952 |t P60, <04>, [BOOK], {604}  |a SNK  |b SNK  |y VYP  |7 0  |p 17A0156656  |o snkSB 44124 D1  |0 0  |1 0  |4 0  |d 1998-08-19  |l 0  |r 2005-01-02 00:00:00  |w 2026-02-24